ბათუმის შოთა რუსთაველის სახელმწიფო უნივერსიტეტის ბიბლიოთეკა

Предпринимательское(хозяйственное) право : (ბიბ.ჩანაწერი № 36070)

000 -LEADER
fixed length control field 00903nam a2200241Ia 4500
001 - CONTROL NUMBER
control field 1970
003 - CONTROL NUMBER IDENTIFIER
control field GE_BSU
005 - DATE AND TIME OF LATEST TRANSACTION
control field 20221007110537.0
008 - FIXED-LENGTH DATA ELEMENTS--GENERAL INFORMATION
fixed length control field 181216s2008ru xx |||||||||||||| ||rus||
020 ## - INTERNATIONAL STANDARD BOOK NUMBER
International Standard Book Number 9785911312787
040 ## - CATALOGING SOURCE
Transcribing agency GE_BSU
041 ## - LANGUAGE CODE
Language code of text/sound track or separate title rus
080 ## - UNIVERSAL DECIMAL CLASSIFICATION NUMBER
Universal Decimal Classification number 346(075.8) К-88
100 ## - MAIN ENTRY--PERSONAL NAME
Personal name Кудиноа,О.А.
9 (RLIN) 15126
245 ## - TITLE STATEMENT
Title Предпринимательское(хозяйственное) право :
Remainder of title Учебное пособие /
Statement of responsibility, etc. О.А. Кудиноа
250 ## - EDITION STATEMENT
Edition statement 2-е изд. доп. и перераб
264 ## - PRODUCTION, PUBLICATION, DISTRIBUTION, MANUFACTURE, AND COPYRIGHT NOTICE
Place of production, publication, distribution, manufacture Москва :
Name of producer, publisher, distributor, manufacturer Дашков и К,
Date of production, publication, distribution, manufacture, or copyright notice 2008.
300 ## - PHYSICAL DESCRIPTION
Extent 268 стр. :
Other physical details 19 см.
653 ## - INDEX TERM--UNCONTROLLED
keyword Предпринимательское(хозяйственное) право
653 ## - INDEX TERM--UNCONTROLLED
keyword სამეწარმეო (ეკონომიკური) სამართალი
653 ## - INDEX TERM--UNCONTROLLED
keyword სამართალი
942 ## - ADDED ENTRY ELEMENTS (KOHA)
Koha item type წიგნი
Source of classification or shelving scheme
ეგზემპლარები
Withdrawn status Lost status Source of classification or shelving scheme Damaged status Not for loan Permanent Location Current Location Shelving location Date acquired Cost, normal purchase price Full call number Barcode Date last seen Copy number Price effective from Koha item type Public note
          ბათუმის შოთა რუსთაველის სახელმწიფო უნივერსიტეტის მთავარი ბიბლიოთეკა ბათუმის შოთა რუსთაველის სახელმწიფო უნივერსიტეტის მთავარი ბიბლიოთეკა წიგნსაცავი 2018-12-17 8.00 346(075.8) К-88 3881 2018-12-17 3881 2018-12-17 წიგნი 8.00